All World Cities with 250k+ Population - Statistics

General Stats
  • This quiz has been taken 43 times
  • The average score is 317 of 2064
Answers on the Map
Answers color-coded by a green-red scale on the quiz's map according to % correct below.
 
Answer Stats
Country Answer % Correct
Italy Naples
73%
Turkey Van
73%
Canada | United Kingdom London
65%
Australia Melbourne
65%
Italy Milan
65%
United States New York City
65%
Canada Ottawa
65%
Australia Perth
65%
United States Philadelphia
65%
United States Phoenix
65%
Italy Rome
65%
United States San Francisco
65%
United States Seattle
65%
Australia Sydney
65%
Canada Vancouver
65%
United States Austin
62%
United States Boston
62%
Australia Brisbane
62%
Denmark Copenhagen
62%
United States Dallas
62%
United States Detroit
62%
United States Honolulu
62%
United States Jacksonville
62%
United States Miami
62%
France Paris
62%
United States Portland
62%
Canada Quebec
62%
Yemen Sanaa
62%
Costa Rica | United States San Jose
62%
Canada Toronto
62%
Australia Adelaide
58%
United States Albuquerque
58%
Germany Berlin
58%
United States Buffalo
58%
Australia Canberra
58%
United States Chicago
58%
United States Cincinnati
58%
United States Cleveland
58%
Italy Florence
58%
United States Houston
58%
Ukraine Kyiv
58%
United States Los Angeles
58%
United States Memphis
58%
Mexico Mexico City
58%
Canada Montreal
58%
Russian Federation Moscow
58%
United States Pittsburgh
58%
United States San Diego
58%
Sweden Stockholm
58%
Japan Tokyo
58%
Egypt Alexandria
54%
Algeria Algiers
54%
Turkey Ankara
54%
United States Atlanta
54%
Iraq Baghdad
54%
United States Baltimore
54%
Belgium Brussels
54%
Romania Bucharest
54%
Canada Calgary
54%
South Africa Cape Town
54%
United States Charlotte
54%
United States Columbus
54%
Tanzania, United Republic of Dar es Salaam
54%
Ireland Dublin
54%
Canada Edmonton
54%
United States El Paso
54%
Morocco Fes
54%
United States Fort Worth
54%
Australia Gold Coast
54%
Viet Nam Hanoi
54%
Finland Helsinki
54%
Viet Nam Ho Chi Minh City
54%
United States Indianapolis
54%
Turkey Istanbul
54%
Israel Jerusalem
54%
Jamaica Kingston
54%
United Kingdom Kingston upon Hull
54%
Portugal Lisbon
54%
Spain Madrid
54%
Saudi Arabia Mecca
54%
United States Milwaukee
54%
United States Minneapolis
54%
Somalia Mogadishu
54%
United States Nashville
54%
United States New Orleans
54%
France Nice
54%
United States Oklahoma City
54%
United States Omaha
54%
United States Orlando
54%
Norway Oslo
54%
United States Raleigh
54%
Saudi Arabia Riyadh
54%
Russian Federation Saint Petersburg
54%
United States San Antonio
54%
Sudan, The Republic of Singa
54%
Singapore Singapore
54%
Bulgaria Sofia
54%
Libyan Arab Jamahiriya Tripoli
54%
United States Tucson
54%
Austria Vienna
54%
Canada Winnipeg
54%
Jordan Amman
50%
Netherlands Amsterdam
50%
United States Anchorage
50%
Greece Athens
50%
New Zealand Auckland
50%
Thailand Bangkok
50%
Spain | Venezuela, Bolivarian Rep. of Barcelona
50%
Italy Bari
50%
Brazil Belem
50%
Colombia Bogota
50%
Brazil Brasilia
50%
Congo Brazzaville
50%
Hungary Budapest
50%
Argentina Buenos Aires
50%
Egypt Cairo
50%
Mexico Cancun
50%
Italy Catania
50%
United States Denver
50%
United Kingdom Edinburgh
50%
Guatemala Guatemala City
50%
Canada Halifax
50%
Cuba Havana
50%
South Africa Johannesburg
50%
Afghanistan Kabul
50%
Congo, Democratic Republic of the Kinshasa
50%
Bolivia | Mexico La Paz
50%
United States Las Vegas
50%
Peru Lima
50%
United States Lincoln
50%
China Lu'an
50%
Angola Luanda
50%
Brazil Manaus
50%
United Kingdom Manchester
50%
France Marseille
50%
Belarus Minsk
50%
Mexico Monterrey
50%
Japan Osaka
50%
Italy Palermo
50%
Panama Panama
50%
Ecuador Quito
50%
Latvia Riga
50%
Brazil Rio de Janeiro
50%
United States Saint Paul
50%
Chile Santiago
50%
Japan Sapporo
50%
United States St. Louis
50%
United States St. Petersburg
50%
United States Tampa
50%
Mexico Tijuana
50%
Albania Tirana
50%
Tunisia Tunis
50%
Italy Turin
50%
Poland Warsaw
50%
United States Washington
50%
New Zealand Wellington
50%
Switzerland Zurich
50%
Yemen Aden
46%
Syrian Arab Republic Aleppo
46%
Madagascar Antananarivo
46%
Paraguay Asuncion
46%
Azerbaijan Baku
46%
China Beijing
46%
Lebanon Beirut
46%
Serbia Belgrade
46%
Norway Bergen
46%
United Kingdom Birmingham
46%
France Bordeaux
46%
Slovakia Bratislava
46%
Belarus Brest
46%
Venezuela, Bolivarian Rep. of Caracas
46%
Morocco Casablanca
46%
Moldova, Republic of Chisinau
46%
New Zealand Christchurch
46%
Sri Lanka Colombo
46%
United States Colorado Springs
46%
Argentina | Spain Cordoba
46%
United States Corpus Christi
46%
Syrian Arab Republic Damascus
46%
India Delhi
46%
United Arab Emirates Dubai
46%
South Africa Durban
46%
Brazil Fortaleza
46%
United Kingdom Glasgow
46%
Ecuador Guayaquil
46%
India | Pakistan Hyderabad
46%
Pakistan Karachi
46%
Ukraine Kharkiv
46%
Japan Kobe
46%
Japan Kyoto
46%
Nigeria Lagos
46%
Malawi Lilongwe
46%
United Kingdom Liverpool
46%
Ukraine Lviv
46%
France Lyon
46%
Philippines Manila
46%
Uruguay Montevideo
46%
India Mumbai
46%
Germany Munich
46%
Kenya Nairobi
46%
France Nantes
46%
Australia | South Africa Newcastle
46%
United Kingdom Newcastle upon Tyne
46%
Mauritania Nouakchott
46%
United States Oakland
46%
Haiti Port-au-Prince
46%
Morocco Rabat
46%
Netherlands Rotterdam
46%
Morocco Sale
46%
Brazil Salvador
46%
El Salvador San Salvador
46%
Dominican Republic Santo Domingo
46%
Taiwan, China Taipei
46%
Estonia Tallinn
46%
Honduras Tegucigalpa
46%
Iran, Islamic Rep. of Tehran
46%
Greece Thessaloniki
46%
United States Toledo
46%
France Toulouse
46%
United States Tulsa
46%
Spain | Venezuela, Bolivarian Rep. of Valencia
46%
Canada | Hong Kong, China Victoria
46%
Lithuania Vilnius
46%
United States Virginia Beach
46%
Namibia Windhoek
46%
China Ya'an
46%
Myanmar Yangon
46%
Croatia Zagreb
46%
Côte d'Ivoire Abidjan
42%
United Arab Emirates Abu Dhabi
42%
Ethiopia Addis Ababa
42%
Central African Republic Bangui
42%
Colombia Barranquilla
42%
United Kingdom Belfast
42%
India Bengaluru
42%
South Africa Bloemfontein
42%
Italy Bologna
42%
Turkey Bursa
42%
Korea, Republic of Busan
42%
Colombia Cali
42%
United Kingdom Cardiff
42%
India Chennai
42%
Guinea Conakry
42%
Bangladesh Dhaka
42%
Djibouti Djibouti
42%
Ukraine Dnipro
42%
Qatar Doha
42%
Ukraine Donetsk
42%
United States Durham
42%
Germany Frankfurt am Main
42%
Poland Gdansk
42%
Italy Genoa
42%
Austria Graz
42%
Mexico Guadalajara
42%
China Guangzhou
42%
Germany Hamburg
42%
Japan Hiroshima
42%
Turkey Izmir
42%
Indonesia Jakarta
42%
Saudi Arabia Jeddah
42%
United States Kansas City
42%
Sudan, The Republic of Khartoum
42%
Rwanda Kigali
42%
India Kolkata
42%
Poland Krakow
42%
Malaysia Kuala Lumpur
42%
Pakistan Lahore
42%
Germany Leipzig
42%
Slovenia Ljubljana
42%
Zambia Lusaka
42%
Indonesia Makassar
42%
Nicaragua Managua
42%
Myanmar Mandalay
42%
Colombia Medellin
42%
Russian Federation Murmansk
42%
India New Delhi
42%
Algeria Oran
42%
Spain Palma
42%
Cambodia Phnom Penh
42%
Papua New Guinea Port Moresby
42%
Czech Republic Prague
42%
Kosovo Pristina
42%
Korea, Dem. People's Rep. of Pyongyang
42%
United States Sacramento
42%
Puerto Rico San Juan
42%
Brazil Sao Paulo
42%
Bosnia and Herzegovina Sarajevo
42%
Korea, Republic of Seoul
42%
Ukraine Sevastopol
42%
Russian Federation Sochi
42%
Georgia Tbilisi
42%
Israel Tel Aviv
42%
Netherlands The Hague
42%
Mongolia Ulan Bator
42%
Bulgaria Varna
42%
Russian Federation Volgograd
42%
United States Wichita
42%
Armenia Yerevan
42%
Japan Yokohama
42%
Spain Zaragoza
42%
Nigeria Abuja
38%
Ghana Accra
38%
India Ahmedabad
38%
Spain Alicante
38%
Turkey Antalya
38%
Turkmenistan Ashgabat
38%
Kazakhstan Astana
38%
Mali Bamako
38%
Libyan Arab Jamahiriya Benghazi
38%
Spain Bilbao
38%
United Kingdom Bristol
38%
Czech Republic Brno
38%
China Chengdu
38%
Mexico Ciudad Juarez
38%
Korea, Republic of Daegu
38%
Senegal Dakar
38%
Viet Nam Da Nang
38%
Indonesia Denpasar
38%
Germany Dresden
38%
Sierra Leone Freetown
38%
Japan Fukuoka
38%
West Bank and Gaza Strip Gaza
38%
Israel Haifa
38%
Canada Hamilton
38%
Zimbabwe Harare
38%
Hong Kong, China Hong Kong
38%
Iran, Islamic Rep. of Isfahan
38%
Pakistan Islamabad
38%
India Jaipur
38%
Russian Federation Kaliningrad
38%
Uganda Kampala
38%
Nigeria Kano
38%
Lithuania Kaunas
38%
Japan Kochi
38%
United States Laredo
38%
United States Long Beach
38%
Egypt Luxor
38%
Spain Malaga
38%
Mozambique Maputo
38%
Morocco Marrakesh
38%
Saudi Arabia Medina
38%
Mexico | Venezuela, Bolivarian Rep. of Merida
38%
Liberia Monrovia
38%
Japan Nagoya
38%
United States Newark
38%
Niger Niamey
38%
Bulgaria Plovdiv
38%
South Africa Port Elizabeth
38%
Brazil Porto Alegre
38%
United States Santa Ana
38%
Japan Sendai
38%
Spain Sevilla
38%
Tunisia Sfax
38%
China Shanghai
38%
Macedonia, The former Yugoslav Rep. of Skopje
38%
United Kingdom Southampton
38%
Germany Stuttgart
38%
Morocco Tangier
38%
Uzbekistan Tashkent
38%
China Tianjin
38%
Russian Federation Vladivostok
38%
China Wuhan
38%
China Xiamen
38%
China Xi'an
38%
Turkey Adana
35%
Morocco Agadir
35%
Kazakhstan Almaty
35%
Denmark Arhus
35%
Russian Federation Arkhangel'sk
35%
United States Bakersfield
35%
Indonesia Bandung
35%
Kyrgyzstan Bishkek
35%
Germany Bremen
35%
United Kingdom Brighton
35%
Mexico Chihuahua
35%
China Chongqing
35%
Romania Constanta
35%
Saudi Arabia Dammam
35%
Iraq Erbil
35%
United States Fresno
35%
United States Greensboro
35%
Germany Hannover
35%
Korea, Republic of Incheon
35%
Russian Federation Irkutsk
35%
United States Jersey City
35%
Taiwan, China Kaohsiung
35%
Nepal Kathmandu
35%
Russian Federation Kazan
35%
Turkey Konya
35%
Canada Laval
35%
United Kingdom Leeds
35%
Gabon Libreville
35%
Togo Lome
35%
India Lucknow
35%
Venezuela, Bolivarian Rep. of Maracaibo
35%
Iran, Islamic Rep. of Mashhad
35%
Indonesia Medan
35%
Iraq Mosul
35%
Spain Murcia
35%
Oman Muscat
35%
Japan Nagasaki
35%
India Nagpur
35%
China Nanjing
35%
Russian Federation Novosibirsk
35%
Ukraine Odesa
35%
Russian Federation Omsk
35%
Burkina Faso Ouagadougou
35%
Russian Federation Perm
35%
Congo Pointe-Noire
35%
Poland Poznan
35%
South Africa Pretoria
35%
Mexico Puebla
35%
India Pune
35%
Brazil Recife
35%
Argentina Rosario
35%
China Shenzhen
35%
France Strasbourg
35%
Indonesia Surabaya
35%
Indonesia Surakarta
35%
United Kingdom Swansea
35%
Russian Federation Ufa
35%
Poland Wroclaw
35%
Japan Yao
35%
Cameroon Yaounde
35%
Russian Federation Yekaterinburg
35%
Nigeria Aba
31%
Mexico Aguascalientes
31%
United States Anaheim
31%
United States Arlington
31%
Eritrea Asmara
31%
Guinea-Bissau Bissau
31%
Burundi Bujumbura
31%
Colombia Cartagena
31%
Russian Federation Chelyabinsk
31%
Romania Cluj-Napoca
31%
Algeria Constantine
31%
Benin Cotonou
31%
Brazil Curitiba
31%
Peru Cusco
31%
Korea, Republic of Daejeon
31%
Philippines Davao
31%
Cameroon Douala
31%
Tajikistan Dushanbe
31%
United States Fort Wayne
31%
Turkey Gaziantep
31%
Syrian Arab Republic Homs
31%
Romania Iasi
31%
Poland Katowice
31%
Russian Federation Krasnodar
31%
Russian Federation Krasnoyarsk
31%
United States Lexington-Fayette
31%
Poland Lodz
31%
Congo, Democratic Republic of the Lubumbashi
31%
United States Mesa
31%
Canada Mississauga
31%
Kenya Mombasa
31%
Japan Naha
31%
Chad N'Djamena
31%
United Kingdom Nottingham
31%
United Kingdom Plymouth
31%
Nigeria Port Harcourt
31%
Sudan, The Republic of Port Sudan
31%
Iran, Islamic Rep. of Qom
31%
United Kingdom Reading
31%
Côte d'Ivoire San-Pedro
31%
Philippines San Pedro
31%
Brazil Sao Luis
31%
United Kingdom Sheffield
31%
Iran, Islamic Rep. of Shiraz
31%
Egypt Suez
31%
Iran, Islamic Rep. of Tabriz
31%
Netherlands Utrecht
31%
India Varanasi
31%
Peru Arequipa
27%
Egypt Aswan
27%
Germany Augsburg
27%
United States Aurora
27%
Iraq Basrah
27%
Colombia Bello
27%
Brazil Belo Horizonte
27%
Angola Benguela
27%
United Kingdom Bradford
27%
Russian Federation Bryansk
27%
Angola Cabinda
27%
China Changsha
27%
Bolivia Cochabamba
27%
China Dalian
27%
Turkey Diyarbakir
27%
Germany Dortmund
27%
Germany Duesseldorf
27%
Germany Duisburg
27%
Finland Espoo
27%
China Fuzhou
27%
Egypt Giza
27%
Cuba Guantanamo
27%
China Haikou
27%
China Hangzhou
27%
United States Henderson
27%
Nigeria Ibadan
27%
Indonesia Jayapura
27%
China Jilin
27%
South Sudan, The Republic of Juba
27%
India Kanpur
27%
China Kunming
27%
Ukraine Luhansk
27%
Macau, China Macau
27%
Germany Mannheim
27%
Ukraine Mariupol
27%
Lesotho Maseru
27%
Congo, Democratic Republic of the Mbuji-Mayi
27%
Mexico Mexicali
27%
China Nanning
27%
Brazil Natal
27%
Germany Nuernberg
27%
Mexico Oaxaca
27%
Kyrgyzstan Osh
27%
Egypt Port Said
27%
United States Riverside
27%
India Salem
27%
Argentina Salta
27%
Russian Federation Samara
27%
Mexico San Luis Potosi
27%
Argentina San Miguel de Tucuman
27%
Honduras San Pedro Sula
27%
Ukraine Simferopol
27%
Poland Szczecin
27%
Taiwan, China Taichung
27%
Romania Timisoara
27%
Mexico Toluca
27%
Spain Valladolid
27%
Chile Valparaiso
27%
Italy Verona
27%
Spain Vigo
27%
Russian Federation Voronezh
27%
Australia Wollongong
27%
Indonesia Yogyakarta
27%
China Zhengzhou
27%
Germany Aachen
23%
Tanzania, United Republic of Arusha
23%
Russian Federation Astrakhan
23%
Turkey Batman
23%
Poland Bialystok
23%
Germany Bielefeld
23%
Malawi Blantyre
23%
Germany Bonn
23%
Brazil Campinas
23%
United States Chandler
23%
United States Chula Vista
23%
United Kingdom Coventry
23%
Brazil Florianopolis
23%
Romania Galati
23%
Australia Geelong
23%
Spain Gijon
23%
Brazil Goiania
23%
Viet Nam Haiphong
23%
China Hefei
23%
Afghanistan Herat
23%
Mexico Hermosillo
23%
China Hohhot
23%
India Indore
23%
China Jinan
23%
Germany Karlsruhe
23%
Iraq Kirkuk
23%
Congo, Democratic Republic of the Kisangani
23%
Canada Kitchener
23%
India Kota
23%
Ghana Kumasi
23%
Russian Federation Kursk
23%
United Kingdom Leicester
23%
Poland Lublin
23%
Russian Federation Makhachkala
23%
Venezuela, Bolivarian Rep. of Maracay
23%
Argentina Mar del Plata
23%
Turkey Mersin
23%
United Kingdom Newport
23%
Serbia Nis
23%
Czech Republic Ostrava
23%
Indonesia Palembang
23%
China Qingdao
23%
China Shenyang
23%
China Shijiazhuang
23%
United States Stockton
23%
United Kingdom Stoke-on-Trent
23%
Taiwan, China Tainan
23%
Mexico Veracruz
23%
Belarus Vitebsk
23%
Brazil Vitoria
23%
Russian Federation Vladimir
23%
Germany Wiesbaden
23%
Canada Windsor
23%
India Agra
19%
Chile Antofagasta
19%
Japan Aomori
19%
India Bali
19%
Indonesia Balikpapan
19%
Russian Federation Belgorod
19%
Nigeria Benin City
19%
India Bhopal
19%
United Kingdom Birkenhead
19%
Canada Brampton
19%
Romania Brasov
19%
Colombia Bucaramanga
19%
Zimbabwe Bulawayo
19%
Brazil Campo Grande
19%
Viet Nam Can Tho
19%
India Chandigarh
19%
South Africa East London
19%
Germany Essen
19%
Philippines General Santos
19%
Congo, Democratic Republic of the Goma
19%
Japan Hamamatsu
19%
China Harbin
19%
Jordan Irbid
19%
Brazil Joao Pessoa
19%
Congo, Democratic Republic of the Kananga
19%
Afghanistan Kandahar
19%
Japan Kitakyushu
19%
Spain L'Hospitalet de Llobregat
19%
India Ludhiana
19%
Brazil Macapa
19%
Nigeria Maiduguri
19%
United Kingdom Milton Keynes
19%
Myanmar Nay Pyi Taw
19%
Japan Okayama
19%
Sudan, The Republic of Omdurman
19%
Morocco Oujda
19%
Pakistan Peshawar
19%
Benin Porto-Novo
19%
Pakistan Quetta
19%
Philippines Quezon City
19%
Pakistan Rawalpindi
19%
Russian Federation Ryazan'
19%
Mexico Saltillo
19%
Uzbekistan Samarkand
19%
Bolivia Santa Cruz de la Sierra
19%
Argentina Santa Fe
19%
Cuba Santiago de Cuba
19%
Brazil Santos
19%
China Sanya
19%
Russian Federation Saratov
19%
Indonesia Semarang
19%
Japan Shizuoka
19%
Kazakhstan Shymkent
19%
Russian Federation Smolensk
19%
United Kingdom Southend-on-Sea
19%
Russian Federation Stavropol'
19%
India Surat
19%
Canada Surrey
19%
China Taiyuan
19%
Russian Federation Tomsk
19%
Peru Trujillo
19%
Brazil Uberlandia
19%
Russian Federation Ulyanovsk
19%
India Visakhapatnam
19%
Nigeria Warri
19%
China Wenzhou
19%
Germany Wuppertal
19%
Côte d'Ivoire Yamoussoukro
19%
Russian Federation Yaroslavl
19%
Tanzania, United Republic of Zanzibar
19%
Iran, Islamic Rep. of Ahvaz
15%
India Amritsar
15%
China Anshan
15%
Argentina Bahia Blanca
15%
Indonesia Banda Aceh
15%
Indonesia Bandar Lampung
15%
China Baotou
15%
Indonesia Batam
15%
India Bhilai
15%
Brazil Boa Vista
15%
Germany Bochum
15%
China Changchun
15%
Bangladesh Chattogram
15%
Japan Chiba
15%
Indonesia Cirebon
15%
Paraguay Ciudad del Este
15%
Venezuela, Bolivarian Rep. of Ciudad Guayana
15%
India Coimbatore
15%
Argentina Corrientes
15%
Romania Craiova
15%
Ecuador Cuenca
15%
Brazil Cuiaba
15%
United Kingdom Derby
15%
Nigeria Enugu
15%
Pakistan Faisalabad
15%
Pakistan Gujranwala
15%
Korea, Republic of Gwangju
15%
China Huainan
15%
Angola Huambo
15%
Viet Nam Hue
15%
Russian Federation Ivanovo
15%
Afghanistan Jalalabad
15%
China Ji'an
15%
India Jodhpur
15%
Malaysia Johor Bahru
15%
Nigeria Jos
15%
Nigeria Kaduna
15%
Japan Kanazawa
15%
Turkey Kayseri
15%
Taiwan, China Keelung
15%
Iran, Islamic Rep. of Kerman
15%
Iran, Islamic Rep. of Kermanshah
15%
Russian Federation Khabarovsk
15%
Ukraine Kherson
15%
Bangladesh Khulna
15%
Zambia Kitwe
15%
Malaysia Kuching
15%
Indonesia Kupang
15%
Syrian Arab Republic Latakia
15%
China Linyi
15%
Russian Federation Lipetsk
15%
Angola Lobito
15%
Angola Lubango
15%
Brazil Maceio
15%
Indonesia Malang
15%
Indonesia Manado
15%
Pakistan Multan
15%
Tanzania, United Republic of Mwanza
15%
India Mysore
15%
Japan Niigata
15%
China Ningbo
15%
Nigeria Onitsha
15%
Russian Federation Orenburg
15%
Brazil Palmas
15%
India Patna
15%
Indonesia Pekanbaru
15%
Russian Federation Petrozavodsk
15%
United States Plano
15%
United Kingdom Preston
15%
India Rajkot
15%
Mexico Reynosa
15%
Japan Saitama
15%
Argentina San Salvador de Jujuy
15%
Cuba Santa Clara
15%
Brazil Santa Maria
15%
Brazil Serra
15%
United Arab Emirates Sharjah
15%
Indonesia Sorong
15%
India Srinagar
15%
Azerbaijan Sumqayit
15%
China Suzhou
15%
Saudi Arabia Tabuk
15%
Yemen Taiz
15%
Syrian Arab Republic Tartus
15%
Brazil Teresina
15%
Mozambique Tete
15%
Morocco Tetouan
15%
Russian Federation Tolyatti
15%
Russian Federation Tula
15%
Russian Federation Tver
15%
Russian Federation Tyumen
15%
Korea, Republic of Ulsan
15%
Canada Vaughan
15%
United Kingdom Wolverhampton
15%
China Xuzhou
15%
Iran, Islamic Rep. of Yazd
15%
Philippines Zamboanga
15%
China Zibo
15%
Japan Akita
12%
India Aligarh
12%
Indonesia Ambon
12%
Belgium Antwerpen
12%
Brazil Aracaju
12%
Iran, Islamic Rep. of Arak
12%
Iran, Islamic Rep. of Ardabil
12%
Kazakhstan Atyrau
12%
Indonesia Banjarmasin
12%
Venezuela, Bolivarian Rep. of Barquisimeto
12%
Mozambique Beira
12%
Viet Nam Bien Hoa
12%
Burkina Faso Bobo-Dioulasso
12%
Congo, Democratic Republic of the Bukavu
12%
Poland Bydgoszcz
12%
Peru Callao
12%
Haiti Carrefour
12%
Brazil Cascavel
12%
Philippines Cebu City
12%
Korea, Republic of Changwon
12%
Ukraine Chernihiv
12%
Russian Federation Chita
12%
Mexico Culiacan
12%
China Datong
12%
Turkey Denizli
12%
India Dhanbad
12%
China Dongguan
12%
Brazil Duque de Caxias
12%
Mexico Ecatepec de Morelos
12%
Turkey Erzurum
12%
Turkey Eskisehir
12%
Brazil Feira de Santana
12%
Japan Fukushima
12%
Azerbaijan Ganja
12%
China Ganzhou
12%
Mexico Guadalupe
12%
China Guiyang
12%
Japan Hakodate
12%
Iran, Islamic Rep. of Hamadan
12%
Korea, Dem. People's Rep. of Hamhung
12%
Somalia Hargeysa
12%
Taiwan, China Hsinchu
12%
China Huizhou
12%
China Huzhou
12%
Nigeria Ilorin
12%
Malaysia Ipoh
12%
Peru Iquitos
12%
United States Irvine
12%
Russian Federation Izhevsk
12%
India Jabalpur
12%
India Jammu
12%
India Jamshedpur
12%
Korea, Republic of Jeonju
12%
China Jiangmen
12%
Brazil Juiz de Fora
12%
Japan Kagoshima
12%
Iraq Karbala
12%
Japan Kawaguchi
12%
Saudi Arabia Khamis Mushait
12%
Russian Federation Kirov
12%
Malaysia Kota Kinabalu
12%
Japan Kumamoto
12%
China Lanzhou
12%
China Liuzhou
12%
Brazil Londrina
12%
China Luzhou
12%
Angola Malanje
12%
Canada Markham
12%
Congo, Democratic Republic of the Matadi
12%
Tanzania, United Republic of Mbeya
12%
Morocco Meknes
12%
Angola Menongue
12%
India Moradabad
12%
Mexico Morelia
12%
Germany Muenster
12%
Japan Nagano
12%
Iraq Najaf
12%
China Nanchong
12%
Zambia Ndola
12%
Egypt New Cairo
12%
Mexico Nuevo Laredo
12%
Kazakhstan Pavlodar
12%
Russian Federation Penza
12%
South Africa Pietermaritzburg
12%
Brazil Porto Velho
12%
Argentina Posadas
12%
India Puducherry
12%
India Raipur
12%
Iran, Islamic Rep. of Rasht
12%
Mexico Salamanca
12%
Indonesia Samarinda
12%
Turkey Samsun
12%
Brazil Sao Jose dos Campos
12%
Iran, Islamic Rep. of Sari
12%
Angola Saurimo
12%
China Shantou
12%
Saudi Arabia Ta'if
12%
Ghana Tamale
12%
Russian Federation Tambov
12%
Indonesia Tasikmalaya
12%
Senegal Thies
12%
Mexico Torreon
12%
Mexico Tuxtla
12%
Angola Uige
12%
Russian Federation Ulan-Ude
12%
India Vadodara
12%
China Wanzhou
12%
China Wuxi
12%
China Yantai
12%
Iran, Islamic Rep. of Zahedan
12%
Nigeria Zaria
12%
Niger Zinder
12%
China Zunyi
12%
Mexico Acapulco de Juarez
8%
Yemen Al Hudaydah
8%
Egypt Al Mahallah al Kubra
8%
Egypt Al Mansurah
8%
Uzbekistan Andijon
8%
Algeria Annaba
8%
Madagascar Antsirabe
8%
China Anyang
8%
Japan Asahikawa
8%
India Asansol
8%
China Baoding
8%
India Bareilly
8%
Nigeria Bauchi
8%
Indonesia Bengkulu
8%
India Bhubaneswar
8%
Central African Republic Bimbo
8%
Algeria Blida
8%
Brazil Blumenau
8%
Congo, Democratic Republic of the Boma
8%
South Africa Botshabelo
8%
Congo, Democratic Republic of the Bunia
8%
Philippines Butuan
8%
Philippines Cagayan de Oro
8%
Cuba Camagueey
8%
Brazil Caxias do Sul
8%
China Changzhou
8%
Russian Federation Cheboksary
8%
Korea, Republic of Cheonan
8%
Russian Federation Cherepovets
8%
Ukraine Cherkasy
8%
Ukraine Chernivtsi
8%
Mozambique Chimoio
8%
Korea, Dem. People's Rep. of Chongjin
8%
Indonesia Cimahi
8%
Venezuela, Bolivarian Rep. of Ciudad Bolivar
8%
Mexico Ciudad Obregon
8%
China Cixi
8%
Philippines Cotabato
8%
Colombia Cucuta
8%
Mexico Cuernavaca
8%
Angola Cuito
8%
China Daqing
8%
Syrian Arab Republic Deir ez-Zor
8%
Ethiopia Dessie
8%
Ethiopia Dire Dawa
8%
Algeria Djelfa
8%
Kenya Eldoret
8%
Mexico Ensenada
8%
China E'zhou
8%
China Foshan
8%
Brazil Foz do Iguacu
8%
China Fuyang
8%
Germany Gelsenkirchen
8%
Belgium Gent
8%
Brazil Guarulhos
8%
China Guilin
8%
India Guwahati
8%
India Gwalior
8%
Japan Hachioji
8%
Saudi Arabia Ha'il
8%
Japan Himeji
8%
Cuba Holguin
8%
Belarus Homyel'
8%
China Huai'an
8%
Peru Huancayo
8%
Japan Ibaraki
8%
Peru Ica
8%
Egypt Ismailia
8%
India Jalandhar
8%
China Jining
8%
Brazil Jundiai
8%
Turkey Kahramanmaras
8%
China Kaifeng
8%
Russian Federation Kaluga
8%
Iran, Islamic Rep. of Karaj
8%
China Kashgar
8%
Japan Kawasaki
8%
Ukraine Khmelnytskyi
8%
Congo, Democratic Republic of the Kikwit
8%
Congo, Democratic Republic of the Kolwezi
8%
Malaysia Kota Bharu
8%
India Kozhikode
8%
Malaysia Kuala Terengganu
8%
Malaysia Kuantan
8%
Japan Kurashiki
8%
Russian Federation Kurgan
8%
Spain Las Palmas de Gran Canaria
8%
Congo, Democratic Republic of the Likasi
8%
Australia Logan City
8%
Angola Luena
8%
China Luoyang
8%
India Madurai
8%
Russian Federation Magnitogorsk
8%
Madagascar Mahajanga
8%
Turkey Malatya
8%
Sweden Malmoe
8%
Brazil Maringa
8%
Indonesia Mataram
8%
Japan Matsuyama
8%
Afghanistan Mazar-e Sharif
8%
Mexico Mazatlan
8%
Congo, Democratic Republic of the Mbandaka
8%
India Meerut
8%
Nigeria Minna
8%
Guatemala Mixco
8%
Japan Miyazaki
8%
Tanzania, United Republic of Morogoro
8%
Yemen Mukalla
8%
Saudi Arabia Najran
8%
Uzbekistan Namangan
8%
Mozambique Nampula
8%
China Nanchang
8%
China Nantong
8%
China Nanyang
8%
India Nashik
8%
Iraq Nasiriyah
8%
Viet Nam Nha Trang
8%
Brazil Niteroi
8%
Brazil Nova Iguacu
8%
Sudan, The Republic of Nyala
8%
Japan Oita
8%
Kazakhstan Oral
8%
Russian Federation Orel
8%
Brazil Osasco
8%
Japan Otsu
8%
Indonesia Padang
8%
Indonesia Palu
8%
Colombia Pasto
8%
Indonesia Pekalongan
8%
Brazil Pelotas
8%
China Pingdingshan
8%
Peru Piura
8%
Korea, Republic of Pohang
8%
Ukraine Poltava
8%
Brazil Ponta Grossa
8%
Indonesia Pontianak
8%
Colombia Popayan
8%
Peru Pucallpa
8%
China Putian
8%
China Puyang
8%
Iran, Islamic Rep. of Qazvin
8%
China Qinhuangdao
8%
China Qiqihar
8%
Mozambique Quelimane
8%
Bangladesh Rajshahi
8%
India Ranchi
8%
Bangladesh Rangpur
8%
Argentina Resistencia
8%
Russian Federation Rostov-na-Donu
8%
Morocco Safi
8%
Japan Sakai
8%
Malaysia Sandakan
8%
Dominican Republic Santiago de los Caballeros
8%
Pakistan Sargodha
8%
Oman Seeb
8%
Indonesia Serang
8%
Malaysia Seremban
8%
Algeria Setif
8%
Pakistan Sialkot
8%
Mali Sikasso
8%
India Siliguri
8%
Korea, Dem. People's Rep. of Sinuiju
8%
Nigeria Sokoto
8%
Tanzania, United Republic of Songea
8%
South Africa Soweto
8%
Ukraine Sumy
8%
Korea, Republic of Suwon
8%
Peru Tacna
8%
Russian Federation Taganrog
8%
China Taizhou
8%
Mexico Tampico
8%
China Tangshan
8%
Egypt Tanta
8%
Turkey Tarsus
8%
Mexico Tepic
8%
India Tiruppur
8%
Madagascar Toamasina
8%
Senegal Touba
8%
Japan Toyama
8%
Congo, Democratic Republic of the Tshikapa
8%
India Udaipur
8%
Japan Utsunomiya
8%
Congo, Democratic Republic of the Uvira
8%
Nigeria Uyo
8%
India Vijayawada
8%
Mexico Villahermosa
8%
Russian Federation Vladikavkaz
8%
China Weifang
8%
China Weihai
8%
South Africa Welkom
8%
China Wuhu
8%
China Xining
8%
China Yangzhou
8%
China Yiwu
8%
China Yulin
8%
Iran, Islamic Rep. of Zanjan
8%
Jordan Zarqa
8%
China Zhangjiakou
8%
China Zhuhai
8%
Ukraine Zhytomyr
8%
Iran, Islamic Rep. of Abadan
4%
Nigeria Abeokuta
4%
Benin Abomey-Calavi
4%
Turkey Adapazari
4%
Turkey Adiyaman
4%
Turkey Afyonkarahisar
4%
China Aksu
4%
Kazakhstan Aktobe
4%
Nigeria Akure
4%
Iraq Al 'Amarah
4%
Syrian Arab Republic Al Hasakah
4%
Malaysia Alor Setar
4%
Germany Altona
4%
Brazil Ananindeua
4%
Brazil Anapolis
4%
Philippines Angeles City
4%
Brazil Aparecida de Goiania
4%
Colombia Armenia
4%
Syrian Arab Republic Ar Raqqah
4%
Iran, Islamic Rep. of Azadshahr
4%
Algeria Bab Ezzouar
4%
Cameroon Bafoussam
4%
Bangladesh Bagerhat
4%
Philippines Baguio
4%
Pakistan Bahawalpur
4%
Cameroon Bamenda
4%
China Banan
4%
Iran, Islamic Rep. of Bandar Abbas
4%
Taiwan, China Banqiao
4%
China Baoji
4%
India Barddhaman
4%
Venezuela, Bolivarian Rep. of Barinas
4%
Russian Federation Barnaul
4%
Algeria Batna City
4%
Brazil Bauru
4%
Indonesia Bekasi
4%
Brazil Belford Roxo
4%
Indonesia Bogor
4%
Iran, Islamic Rep. of Borujerd
4%
Côte d'Ivoire Bouake
4%
China Bozhou
4%
Russian Federation Bratsk
4%
Colombia Buenaventura
4%
Uzbekistan Bukhara
4%
Saudi Arabia Buraydah
4%
Congo, Democratic Republic of the Butembo
4%
Venezuela, Bolivarian Rep. of Cabimas
4%
Philippines Calamba
4%
Brazil Campos dos Goytacazes
4%
China Cangzhou
4%
Mexico Celaya
4%
India Chanda
4%
China Changde
4%
China Chaoyang
4%
Peru Chiclayo
4%
Peru Chimbote
4%
Korea, Republic of Chinju
4%
Zambia Chipata
4%
Zimbabwe Chitungwiza
4%
Indonesia Cilacap
4%
Bangladesh Comilla
4%
Brazil Contagem
4%
Turkey Corum
4%
Venezuela, Bolivarian Rep. of Cumana
4%
Côte d'Ivoire Daloa
4%
Egypt Damietta
4%
China Dandong
4%
Philippines Dasmarinas
4%
China Dazhou
4%
India Dehra Dun
4%
Indonesia Depok
4%
China Dezhou
4%
Brazil Diadema
4%
China Dongying
4%
India Durg
4%
Turkey Elazig
4%
Sudan, The Republic of El Obeid
4%
Iran, Islamic Rep. of Eslamshahr
4%
Uzbekistan Fergana
4%
Brazil Franca
4%
Japan Fujisawa
4%
Japan Fukuyama
4%
Côte d'Ivoire Gagnoa
4%
Nigeria Gboko
4%
Turkey Gebze
4%
India Ghaziabad
4%
Sweden Goeteborg
4%
Nigeria Gombe
4%
India Gorakhpur
4%
Russian Federation Groznyy
4%
China Guigang
4%
Pakistan Gujrat
4%
Korea, Republic of Gumi
4%
Saudi Arabia Hafar Al-Batin
4%
China Handan
4%
China Hegang
4%
China Hengshui
4%
Japan Higashi-osaka
4%
Japan Hirakata
4%
Japan Hiratsuka
4%
Japan Honcho
4%
China Hotan
4%
Belarus Hrodna
4%
India Hubli
4%
Colombia Ibague
4%
Japan Ichihara
4%
Nigeria Ikot Ekpene
4%
Philippines Iligan
4%
Philippines Iloilo
4%
Mexico Irapuato
4%
Japan Iwaki
4%
Indonesia Jambi City
4%
India Jamnagar
4%
Korea, Republic of Jeju City
4%
Indonesia Jember
4%
Indonesia Jepara
4%
India Jhansi
4%
China Jiamusi
4%
China Jiangyin
4%
China Jinjiang
4%
China Jinzhou
4%
Brazil Joinville
4%
Korea, Dem. People's Rep. of Kaesong
4%
India Kalyan
4%
Kazakhstan Karagandy
4%
Japan Kashiwa
4%
Sudan, The Republic of Kassala
4%
Nigeria Katsina
4%
Japan Kawagoe
4%
Russian Federation Kemerovo
4%
Indonesia Kendari
4%
Morocco Kenitra
4%
Iran, Islamic Rep. of Khorramabad
4%
Kenya Kikuyu
4%
Kenya Kisumu
4%
Malaysia Klang
4%
Côte d'Ivoire Korhogo
4%
Japan Koriyama
4%
China Korla
4%
Russian Federation Kostroma
4%
Hong Kong, China Kowloon
4%
China Kunshan
4%
Japan Kurume
4%
Kazakhstan Kyzylorda
4%
China Langfang
4%
Pakistan Larkana
4%
Mexico Leon de los Aldama
4%
China Lianyungang
4%
Mozambique Lichinga
4%
China Linfen
4%
China Liupanshui
4%
Ecuador Loja
4%
Mexico Los Mochis
4%
Ecuador Machala
4%
Japan Machida
4%
Japan Maebashi
4%
India Maheshtala
4%
Belarus Mahilyow
4%
Ukraine Makiivka
4%
Malaysia Malacca
4%
India Mangalore
4%
Colombia Manizales
4%
Ecuador Manta
4%
China Maoming
4%
Pakistan Mardan
4%
Cameroon Maroua
4%
Korea, Republic of Masan
4%
Mozambique Matola
4%
Japan Matsudo
4%
Venezuela, Bolivarian Rep. of Maturin
4%
Myanmar Mawlamyine
4%
United States Meads
4%
Ethiopia Mek'ele
4%
Argentina Merlo
4%
Malaysia Miri
4%
Libyan Arab Jamahiriya Misratah
4%
Korea, Republic of Mokpo
4%
Colombia Monteria
4%
Brazil Montes Claros
4%
Japan Morioka
4%
Angola Mossamedes
4%
India Muzaffarnagar
4%
India Muzaffarpur
4%
Kenya Nakuru
4%
Korea, Dem. People's Rep. of Namp'o
4%
Bangladesh Narsingdi
4%
Mexico Naucalpan de Juarez
4%
India Navi Mumbai
4%
Colombia Neiva
4%
Jamaica New Kingston
4%
Russian Federation Nizhniy Novgorod
4%
India Noida
4%
Russian Federation Novokuznetsk
4%
Uzbekistan Nukus
4%
Canada Okanagan
4%
Nigeria Okene
4%
Brazil Olinda
4%
Nigeria Ondo
4%
China Ordos
4%
Nigeria Osogbo
4%
Nigeria Oyo
4%
Colombia Palmira
4%
Benin Parakou
4%
Colombia Pereira
4%
Malaysia Petaling Jaya
4%
Venezuela, Bolivarian Rep. of Petare
4%
Brazil Piracicaba
4%
India Prayagraj
4%
Chile Puente Alto
4%
China Puning
4%
Korea, Republic of Pyeongtaek
4%
China Qingyuan
4%
China Qionghai
4%
China Quanzhou
4%
Argentina Quilmes
4%
China Qujing
4%
Pakistan Rahim Yar Khan
4%
India Rajpur Sonarpur
4%
Brazil Ribeirao Preto
4%
South Africa Richards Bay
4%
Brazil Rio Branco
4%
China Rizhao
4%
China Rui'an
4%
Kenya Ruiru
4%
Jordan Russeifa
4%
Iran, Islamic Rep. of Sanandaj
4%
Venezuela, Bolivarian Rep. of San Cristobal
4%
Philippines San Fernando
4%
Turkey Sanliurfa
4%
Colombia Santa Marta
4%
Argentina Santiago del Estero
4%
Mexico Santiago de Queretaro
4%
Brazil Santo Andre
4%
Dominican Republic Santo Domingo Oeste
4%
Brazil Sao Bernardo do Campo
4%
Russian Federation Saransk
4%
Korea, Dem. People's Rep. of Sariwon
4%
Korea, Republic of Sejong
4%
Ghana Sekondi
4%
Kazakhstan Semey
4%
Japan Shimonoseki
4%
Egypt Shubra al Khaymah
4%
Colombia Sincelejo
4%
Turkey Sivas
4%
Colombia Soacha
4%
Colombia Soledad
4%
Brazil Sorocaba
4%
Ireland South Dublin
4%
Indonesia South Tangerang
4%
Russian Federation Sterlitamak
4%
Malaysia Subang Jaya
4%
Japan Suita
4%
Indonesia Sukabumi
4%
Pakistan Sukkur
4%
Tanzania, United Republic of Sumbawanga
4%
Korea, Dem. People's Rep. of Sunch'on
4%
Tanzania, United Republic of Tabora
4%
China Tai'an
4%
Japan Takasaki
4%
Tanzania, United Republic of Tanga
4%
Indonesia Tangerang
4%
Kazakhstan Taraz
4%
Malaysia Tawau
4%
India Thane
4%
India Thiruvananthapuram
4%
India Tiruchirappalli
4%
Mexico Tlalnepantla
4%
Mexico Tlalpan
4%
Mexico Tlaquepaque
4%
Japan Tokorozawa
4%
Japan Tokushima
4%
Mexico Tonala
4%
Japan Toyota
4%
China Turpan
4%
Brazil Uberaba
4%
Nigeria Umuahia
4%
Mexico Uruapan
4%
Turkey Usak
4%
Colombia Valledupar
4%
South Africa Vereeniging
4%
Mexico Victoria de Durango
4%
Guatemala Villa Nueva
4%
Colombia Villavicencio
4%
Chile Vina del Mar
4%
Brazil Vitoria da Conquista
4%
Russian Federation Vologda
4%
Viet Nam Vung Tau
4%
India Warangal
4%
China Wenchang
4%
Korea, Republic of Wonju
4%
Korea, Dem. People's Rep. of Wonsan
4%
China Xiangyang
4%
China Xianyang
4%
Mexico Xico
4%
China Xingtai
4%
China Xinxiang
4%
China Xinyang
4%
China Xuchang
4%
Korea, Republic of Yangsan
4%
Korea, Republic of Yeosu
4%
China Yibin
4%
China Yinchuan
4%
Japan Yokosuka
4%
Russian Federation Yoshkar-Ola
4%
Egypt Zagazig
4%
Mexico Zapopan
4%
Ukraine Zaporizhzhya
4%
China Zhangjiagang
4%
China Zhangzhou
4%
China Zhanjiang
4%
China Zhaoqing
4%
China Zhongshan
4%
China Zhoukou
4%
China Zhuzhou
4%
Egypt 6th of October City
0%
Côte d'Ivoire Abobo
0%
Iraq Abu Ghurayb
0%
Iraq Ad Diwaniyah
0%
Nigeria Ado-Ekiti
0%
India Ahmadnagar
0%
India Aizawl
0%
United Arab Emirates Ajman City
0%
India Ajmer
0%
Japan Akashi
0%
India Akola
0%
Kuwait Al Ahmadi
0%
United Arab Emirates Al Ain City
0%
Iraq Al Basrah al Qadimah
0%
Egypt Al Fayyum
0%
Iraq Al Hillah
0%
Morocco Al Hoceima
0%
Saudi Arabia Al Hufuf
0%
Saudi Arabia Al Kharj
0%
Egypt Al Khusus
0%
Iraq Al Kut
0%
Iraq Al Mawsil al Jadidah
0%
Saudi Arabia Al Mubarraz
0%
Sudan, The Republic of Al Qadarif
0%
Egypt Al Qahirah al Jadidah
0%
Venezuela, Bolivarian Rep. of Alto Barinas
0%
Mexico Alvaro Obregon
0%
India Alwar
0%
Japan Amagasaki
0%
Ecuador Ambato
0%
India Ambattur
0%
India Amravati
0%
China Ankang
0%
China Anqing
0%
China Anqiu
0%
Korea, Republic of Ansan-si
0%
China Anshun
0%
Philippines Antipolo
0%
Korea, Republic of Anyang-si
0%
China Aral
0%
Qatar Ar Rayyan
0%
Egypt Assiut
0%
Iraq As Sulaymaniyah
0%
Turkey Atasehir
0%
China Atush
0%
India Avadi
0%
Ethiopia Awasa
0%
Mexico Azcapotzalco
0%
Philippines Bacolod City
0%
Philippines Bacoor
0%
Turkey Bagcilar
0%
Turkey Bahcelievler
0%
Ethiopia Bahir Dar
0%
China Baicheng
0%
China Baise
0%
China Baiyin
0%
Egypt Bani Suwayf
0%
China Baoshan
0%
India Baranagar
0%
India Barasat
0%
Brazil Barueri
0%
China Basuo
0%
Turkey Batikent
0%
Pakistan Battagram
0%
Oman Bawshar
0%
China Bayan Nur
0%
Central African Republic Begoua
0%
China Bei'an
0%
China Beihai
0%
India Belagavi
0%
India Bellary
0%
China Bengbu
0%
Mexico Benito Juarez
0%
South Africa Benoni
0%
China Benxi
0%
Brazil Betim
0%
India Bhagalpur
0%
Nepal Bharatpur
0%
India Bhatpara
0%
India Bhavnagar
0%
India Bhayandar
0%
India Bhilwara
0%
Pakistan Bhimber
0%
India Bhiwandi
0%
Nigeria Bida
0%
India Bijapur
0%
China Bijie
0%
India Bikaner
0%
India Bilaspur
0%
India Bilimora
0%
Philippines Binan
0%
China Binhe
0%
Indonesia Binjai
0%
China Binzhou
0%
Nepal Birganj
0%
Germany Bochum-Hordel
0%
India Bokaro
0%
South Africa Boksburg
0%
Somalia Borama
0%
India Borivli
0%
India Brahmapur
0%
South Africa Brakpan
0%
United Kingdom Brent
0%
Korea, Republic of Bucheon-si
0%
Philippines Budta
0%
Philippines Cabanatuan City
0%
Philippines Cabuyao
0%
Philippines Cainta
0%
Nigeria Calabar
0%
Philippines Caloocan City
0%
Guinea Camayenne
0%
Brazil Campina Grande
0%
Turkey Cankaya
0%
Brazil Canoas
0%
Spain Carabanchel
0%
Brazil Carapicuiba
0%
Brazil Caucaia
0%
China Changle
0%
China Changshu
0%
China Changyi
0%
China Changzhi
0%
China Chaozhou
0%
China Chengde
0%
China Chengzhong
0%
China Chenzhou
0%
Korea, Republic of Cheongju-si
0%
China Chifeng
0%
China Chizhou
0%
China Chongzuo
0%
China Chuzhou
0%
Indonesia Cibinong
0%
Indonesia Cileungsir
0%
Mexico Ciudad Apodaca
0%
Mexico Ciudad General Escobedo
0%
Mexico Ciudad Lopez Mateos
0%
Mexico Ciudad Nezahualcoyotl
0%
Mexico Ciudad Victoria
0%
Mexico Coacalco
0%
India Cochin
0%
Mexico Colonia del Valle
0%
Brazil Cotia
0%
Bangladesh Cox's Bazar
0%
Mexico Coyoacan
0%
Mexico Cuauhtemoc
0%
Mexico Cuautitlan Izcalli
0%
India Cuttack
0%
Egypt Damanhur
0%
India Darbhanga
0%
India Davangere
0%
Haiti Delmas 73
0%
China Dengzhou
0%
India Dewas
0%
China Deyang
0%
India Dhulia
0%
Viet Nam Di An
0%
South Africa Diepsloot
0%
Iraq Dihok
0%
India Dindigul
0%
China Dingxi
0%
India Dombivli
0%
China Donghai
0%
India Durgapur
0%
West Bank and Gaza Strip East Jerusalem
0%
Nigeria Ebute Ikorodu
0%
Nigeria Efon-Alaaye
0%
Germany Eimsbuettel
0%
Spain Eixample
0%
Sudan, The Republic of El Daein
0%
Sudan, The Republic of El Fasher
0%
Ecuador Eloy Alfaro
0%
South Africa Emalahleni
0%
China Enshi
0%
India Erode
0%
Turkey Esenler
0%
India Etawah
0%
Canada Etobicoke
0%
China Fangchenggang
0%
Hong Kong, China Fanling
0%
India Faridabad
0%
China Fenghuang
0%
India Firozabad
0%
Colombia Floridablanca
0%
Japan Fuchu
0%
China Fuling
0%
China Fushun
0%
China Fuxin
0%
India Gajuwaka
0%
China Gaomi
0%
China Gaozhou
0%
India Gaya
0%
Japan Gifu-shi
0%
Benin Godome
0%
Mexico Gomez Palacio
0%
Ethiopia Gonder
0%
Brazil Governador Valadares
0%
Korea, Republic of Goyang-si
0%
India Greater Noida
0%
Germany Grosszschocher
0%
China Guang'an
0%
China Guangyuan
0%
China Guankou
0%
Brazil Guaruja
0%
China Guli
0%
Korea, Republic of Gunpo
0%
India Guntur
0%
Mexico Gustavo Adolfo Madero
0%
China Guyuan
0%
Korea, Republic of Gwangmyeong
0%
Syrian Arab Republic Hamah
0%
Germany Hamburg-Mitte
0%
Germany Hamburg-Nord
0%
Korea, Republic of Hanam
0%
China Hanzhong
0%
India Haora
0%
China Hebi
0%
China Hechi
0%
China Hechuan
0%
China Hengyang
0%
Mexico Heroica Matamoros
0%
China Heyuan
0%
China Heze
0%
China Hezhou
0%
India Hisar
0%
China Huaibei
0%
China Huaihua
0%
Taiwan, China Hualien City
0%
China Huanggang
0%
China Huangshan
0%
China Huangshi
0%
China Hulan Ergi
0%
China Hulunbuir
0%
Korea, Dem. People's Rep. of Hungnam
0%
China Huocheng
0%
Korea, Republic of Hwaseong-si
0%
India Ichalkaranji
0%
Japan Ichinomiya
0%
Nigeria Ijebu Ode
0%
Nigeria Ikare
0%
Nigeria Ikeja
0%
Korea, Republic of Iksan
0%
Nigeria Ile-Ife
0%
Nigeria Ilesa
0%
Philippines Iligan City
0%
Brazil Indaiatuba
0%
United States Ironville
0%
Tajikistan Isfara
0%
Congo, Democratic Republic of the Isiro
0%
United Kingdom Islington
0%
Tajikistan Istaravshan
0%
Colombia Itaguei
0%
Brazil Itaquaquecetuba
0%
Nigeria Iwo
0%
Mexico Ixtapaluca
0%
Mexico Iztacalco
0%
Mexico Iztapalapa
0%
Brazil Jaboatao
0%
Brazil Jaboatao dos Guararapes
0%
India Jalgaon
0%
India Jalna
0%
Pakistan Jhang Sadr
0%
China Jianshui
0%
China Jiaojiang
0%
China Jiaozhou
0%
China Jiaozuo
0%
China Jiaxing
0%
China Jieyang
0%
Ethiopia Jijiga
0%
Ethiopia Jimma
0%
China Jincheng
0%
China Jingdezhen
0%
China Jingmen
0%
China Jingzhou
0%
China Jinhua
0%
China Jinzhong
0%
China Jiujiang
0%
China Jiuquan
0%
China Jixi
0%
China Jizhou
0%
Iran, Islamic Rep. of Kahriz
0%
China Kaili
0%
Kenya Kakamega
0%
India Kakinada
0%
Japan Kakogawacho-honmachi
0%
India Kalaburagi
0%
Russian Federation Kalininskiy
0%
India Kallakurichi
0%
India Kamarhati
0%
Malaysia Kampung Baru Subang
0%
India Kanayannur
0%
Turkey Karabaglar
0%
China Karamay
0%
India Karol Bagh
0%
Japan Kasugai
0%
Pakistan Kasur
0%
Russian Federation Khabarovsk Vtoroy
0%
Iran, Islamic Rep. of Khomeyni Shahr
0%
Iran, Islamic Rep. of Khorramshahr
0%
Korea, Republic of Kimhae
0%
Germany Kleinzschocher
0%
Germany Koeln
0%
India Kolhapur
0%
India Kollam
0%
Russian Federation Komsomolsk-on-Amur
0%
India Korba
0%
Japan Koshigaya
0%
Sudan, The Republic of Kosti
0%
Pakistan Kotli
0%
Russian Federation Krasnogvargeisky
0%
South Africa Krugersdorp
0%
Ukraine Kryvyy Rih
0%
India Kukatpalli
0%
India Kulti
0%
India Kurnool
0%
Hong Kong, China Kwai Chung
0%
China Laibin
0%
China Laiwu
0%
China Laixi
0%
India Lal Bahadur Nagar
0%
China Laohekou
0%
Philippines Lapu-Lapu City
0%
Philippines Las Pinas
0%
Spain Latina
0%
India Latur
0%
Nigeria Lekki
0%
China Leshan
0%
China Lianshan
0%
China Liaocheng
0%
China Liaoyang
0%
Philippines Libertad
0%
Brazil Limeira
0%
China Lincang
0%
China Linqu
0%
China Linxia Chengguanzhen
0%
China Lishui
0%
China Longling County
0%
China Longshan
0%
Viet Nam Long Xuyen
0%
China Longyan
0%
Venezuela, Bolivarian Rep. of Los Teques
0%
China Loudi
0%
China Luancheng
0%
China Luohe
0%
China Ma'anshan
0%
Egypt Madinat an Nasr
0%
Philippines Makati City
0%
Nigeria Makurdi
0%
India Malegaon
0%
Philippines Malingao
0%
Pakistan Malir Cantonment
0%
Turkey Maltepe
0%
Philippines Mandaluyong City
0%
Philippines Mandaue City
0%
Philippines Mansilingan
0%
Philippines Mantampay
0%
New Zealand Manukau City
0%
Niger Maradi
0%
Germany Marienthal
0%
France Marne La Vallee
0%
Congo, Democratic Republic of the Masina
0%
India Mathura
0%
Brazil Maua
0%
China Meishan
0%
China Meizhou
0%
Turkey Merkezefendi
0%
China Mianyang
0%
China Mianzhu, Deyang, Sichuan
0%
Mexico Miguel Hidalgo
0%
Japan Minato
0%
Pakistan Mingora
0%
Egypt Minya
0%
Germany Moenchengladbach
0%
Brazil Mogi das Cruzes
0%
China Mudanjiang
0%
Thailand Mueang Nonthaburi
0%
India Mulugu
0%
Turkey Muratpasa
0%
Pakistan Muzaffarabad
0%
Congo, Democratic Republic of the Mwene
0%
Ukraine Mykolayiv
0%
Russian Federation Naberezhnyye Chelny
0%
China Nada
0%
India Naihati
0%
India Najafgarh
0%
Japan Nakano
0%
India Nanded
0%
China Nanping
0%
Japan Nara-shi
0%
India Narela
0%
Bangladesh Natore
0%
Ethiopia Nazret
0%
Taiwan, China Neihu
0%
China Neijiang
0%
India Nellore
0%
United States New South Memphis
0%
China Nianbo
0%
Mexico Nicolas Romero
0%
China Ningde
0%
Japan Nishinomiya-hama
0%
India Nizamabad
0%
Russian Federation Nizhny Tagil
0%
Brazil Novo Hamburgo
0%
India Nowrangapur
0%
Nigeria Ogbomoso
0%
Japan Okazaki
0%
Iran, Islamic Rep. of Orumiyeh
0%
Nigeria Owerri
0%
Nigeria Owo
0%
Mexico Pachuca de Soto
0%
Indonesia Palangkaraya
0%
India Panihati
0%
India Panipat
0%
China Panshan
0%
China Panzhihua
0%
Philippines Paranaque City
0%
India Parbhani
0%
Brazil Parnamirim
0%
Indonesia Pasarkemis
0%
Philippines Pasay
0%
Philippines Pasig City
0%
Iran, Islamic Rep. of Pasragad Branch
0%
Nepal Patan
0%
India Patiala
0%
Brazil Paulista
0%
Indonesia Pematangsiantar
0%
China Pengze
0%
Indonesia Percut
0%
Israel Petah Tiqva
0%
Haiti Petionville
0%
Brazil Petropolis
0%
Senegal Pikine
0%
India Pimpri
0%
China Pingdu
0%
China Pingliang
0%
China Pingxiang
0%
China Pizhou
0%
Haiti Port-de-Paix
0%
Ecuador Portoviejo
0%
Brazil Praia Grande
0%
Venezuela, Bolivarian Rep. of Puerto La Cruz
0%
India Punasa
0%
Iran, Islamic Rep. of Qarchak
0%
Uzbekistan Qarshi
0%
Egypt Qina
0%
China Qingyang
0%
China Qinzhou
0%
China Qitaihe
0%
Uzbekistan Qo'qon
0%
China Quzhou
0%
India Rajahmundry
0%
India Ramgundam
0%
India Rampur
0%
South Africa Randburg
0%
India Ranipet
0%
United Arab Emirates Ras Al Khaimah City
0%
Lebanon Ra's Bayrut
0%
Brazil Ribeirao das Neves
0%
Ecuador Riobamba
0%
Israel Rishon LeTsiyyon
0%
India Rohini
0%
India Rohtak
0%
South Africa Roodepoort
0%
India Rourkela
0%
China Rugao
0%
India Saharanpur
0%
India Sambhaji Nagar
0%
Thailand Samut Prakan
0%
India Sangli
0%
Philippines San Jose del Monte
0%
China Sanmenxia
0%
Panama San Miguelito
0%
China Sanming
0%
Mexico San Nicolas de los Garza
0%
Mexico Santa Catarina
0%
Mexico Santa Maria Chimalhuacan
0%
Venezuela, Bolivarian Rep. of Santa Teresa del Tuy
0%
Peru Santiago de Surco
0%
Ecuador Santo Domingo de los Colorados
0%
Dominican Republic Santo Domingo Este
0%
Philippines Santol
0%
Brazil Sao Joao de Meriti
0%
Brazil Sao Jose do Rio Preto
0%
Brazil Sao Vicente
0%
Nigeria Sapele
0%
India Satna
0%
Korea, Republic of Seongnam-si
0%
Gambia Serekunda
0%
Malaysia Shah Alam
0%
India Shahjanpur
0%
Hong Kong, China Sham Shui Po
0%
China Shangluo
0%
China Shangqiu
0%
China Shangrao
0%
China Shangyu
0%
China Shanwei
0%
China Shaoguan
0%
China Shaoxing
0%
China Shaoyang
0%
Hong Kong, China Sha Tin
0%
Pakistan Shekhupura
0%
Bangladesh Shibganj
0%
Egypt Shibin al Kawm
0%
China Shihezi
0%
India Shimoga
0%
China Shiqi
0%
India Shivaji Nagar
0%
China Shiyan
0%
China Shizuishan
0%
India Sholapur
0%
China Shouguang
0%
China Shuangyashan
0%
India Shyamnagar
0%
China Simao
0%
China Siping
0%
Turkey Sisli
0%
Indonesia Situbondo
0%
Egypt Sohag
0%
Mexico Soledad de Graciano Sanchez
0%
India Sonipat
0%
United States South Boston
0%
El Salvador Soyapango
0%
China Suicheng
0%
China Suihua
0%
China Suining
0%
China Suizhou
0%
Saudi Arabia Sultanah
0%
Turkey Sultanbeyli
0%
Turkey Sultangazi
0%
Brazil Sumare
0%
China Suqian
0%
Russian Federation Surgut
0%
Brazil Suzano
0%
Philippines Taguig
0%
China Taicang
0%
Hong Kong, China Tai Po
0%
Japan Takamatsu
0%
Japan Takatsuki
0%
Cambodia Takeo
0%
Ghana Takoradi
0%
Chile Talcahuano
0%
China Tanggu
0%
Taiwan, China Taoyuan City
0%
Brazil Taubate
0%
Morocco Temara
0%
South Africa Tembisa
0%
India Teni
0%
India Thanjavur
0%
Senegal Thies Nones
0%
Kenya Thika
0%
India Thoothukudi
0%
India Thrissur
0%
Viet Nam Thuan An
0%
China Tianshui
0%
China Tieling
0%
Hong Kong, China Tin Shui Wai
0%
India Tirunelveli
0%
India Tirupati
0%
Mexico Tlahuac
0%
China Tongchuan
0%
China Tonghua
0%
China Tongliao
0%
China Tongling
0%
China Tongshan
0%
Japan Toyohashi
0%
Japan Toyonaka
0%
Hong Kong, China Tseung Kwan O
0%
Hong Kong, China Tsuen Wan
0%
Hong Kong, China Tuen Mun
0%
India Tumkur
0%
Bangladesh Tungi
0%
Venezuela, Bolivarian Rep. of Turmero
0%
China UEruemqi
0%
Turkey UEskuedar
0%
Korea, Republic of Uijeongbu-si
0%
South Africa Uitenhage
0%
India Ujjain
0%
India Ulhasnagar
0%
Turkey Umraniye
0%
Kazakhstan Ust-Kamenogorsk
0%
India Vellore
0%
Mexico Venustiano Carranza
0%
Brazil Viamao
0%
Brazil Vila Velha
0%
Ukraine Vinnytsya
0%
Russian Federation Volzhsky
0%
Sudan, The Republic of Wad Medani
0%
China Wafangdian
0%
Japan Wakayama
0%
Germany Wandsbek
0%
China Wanning
0%
China Wanxian
0%
China Weinan
0%
China Wenshan City
0%
Israel West Jerusalem
0%
United States West Raleigh
0%
South Sudan, The Republic of Winejok
0%
Hong Kong, China Wong Tai Sin
0%
China Wuwei
0%
China Wuzhou
0%
Mexico Xalapa de Enriquez
0%
China Xiangtan
0%
China Xianning
0%
China Xiaogan
0%
China Xichang
0%
China Xingning
0%
China Xingyi
0%
China Xinyi
0%
China Xinyu
0%
China Xinyuan
0%
China Xinzhou
0%
China Xiuying
0%
Mexico Xochimilco
0%
China Xuanhua
0%
China Xuanzhou
0%
China Yan'an
0%
China Yancheng
0%
China Yangjiang
0%
China Yangquan
0%
China Yangshuo
0%
China Yanji
0%
China Yanzhou
0%
South Sudan, The Republic of Yei
0%
Nigeria Yenagoa
0%
China Yichang
0%
China Yichun
0%
China Yili
0%
China Yingkou
0%
China Yixing
0%
China Yiyang
0%
Japan Yokkaichi
0%
Nigeria Yola
0%
China Yongzhou
0%
China Yueyang
0%
China Yuncheng
0%
China Yunfu
0%
China Yunlong
0%
China Zaozhuang
0%
Turkey Zeytinburnu
0%
China Zhabei
0%
China Zhangjiajie
0%
China Zhangye
0%
China Zhaotong
0%
China Zhenjiang
0%
China Zhoushan
0%
China Zhucheng
0%
China Zhu Cheng City
0%
China Zhumadian
0%
China Zigong
0%
China Ziyang
0%
China Zoucheng
0%
No matching quizzes found
Score Distribution
Percent of People with Each Score
Percentile by Number Answered
Your Score History
You have not taken this quiz